Statistics for Marvel Questions #3

Click here to take the quiz!

General Stats

  • This quiz has been taken 20 times
  • The average score is 14 of 21

Answer Stats

Question:Answer:% Correct
Who is Carol Danvers?Captain Marvel
94%
What continent is Wakanda? Africa
94%
Who was Peter Quills Father?Ego
94%
Who's power is super speed?Quicksilver
88%
Who is his sister?Wanda Maximoff or Scarlet Witch
88%
Who helped assemble the avengers and has 1 eye?Nick Fury
88%
Who is there father?Magneto
81%
Who was Cap's Love interest?Peggy Carter
81%
What precious metal is found in Wakanda?Vibranium
75%
How many years did Captain America lay in ice for?70
75%
What was his former name?Bucky Barnes
75%
What organization created the winter soldier?Hydra
75%
What's his name?Pietro Maximoff
69%
What metal are Wolverines claws made from?Adamantium
69%
Who is the Dark Phoenix?Jean Grey
69%
Of what origin is Ronin the Accuser?Kree
56%
Who was hinted at the end of GOTG vol 2?Adam Warlock
50%
Who is Malekith the Accursed? Dark Elf
44%
Who's Brother is Juggernaut? Charles Xavier
31%
Who is deadpools Friend/co-worker?Colossus
25%
What is the name of Deadpool's love interest? Vanessa
13%

Score Distribution

Percentile by Number Answered

Percent of People with Each Score

Your Score History

You have not taken this quiz